| 000 | 00783nam a2200241Ia 4500 | ||
|---|---|---|---|
| 003 | OSt | ||
| 005 | 20220925201655.0 | ||
| 006 | a|||||r|||| 00| 0 | ||
| 007 | ta | ||
| 008 | 220923b |||||||| |||| 00| 0 eng d | ||
| 037 | _cGeneral Book | ||
| 040 |
_aRTL _cRTL _beng |
||
| 041 |
_2eng _aeng |
||
| 082 | _aX9(J:2):9.2.N6t | ||
| 110 |
_aIndia Labour (National Commission on-)Fertilizer (Study group for-)(Convener: M K K Nair) _9262096 |
||
| 245 | 0 | _aInterim report | |
| 260 |
_aDelhi _bManager of Publications India |
||
| 300 |
_a70p. _ccm. |
||
| 650 | _aSoil Industry | ||
| 700 |
_aIndia Labour (National Commission on-)Fertilizer (Study group for-)(Convener: M K K Nair) _9262097 |
||
| 942 |
_hX9(J:2):9.2.N6t _cGB _2CC |
||
| 999 |
_c540750 _d540750 |
||